| 000 | 00874nam a22002297a 4500 | ||
|---|---|---|---|
| 003 | LK-CoDNM | ||
| 005 | 20241105110936.0 | ||
| 008 | 241105b |||||||| |||| 00| 0 eng d | ||
| 040 |
_aLK-CoDNM _dLK-CoDNM _eLK-CoDNM |
||
| 041 | _asin | ||
| 080 |
_aප්ර.ස _b94.2 |
||
| 100 | _aවිජයවර්ධන,අභයකෝන්,ඩී.පී.ඇෆ්ප් | ||
| 245 |
_aසිංහල මිත්රයා 1923 වර්ෂය මාර්තු මාසය _b5වන කාණ්ඩය 8වන කලාපය |
||
| 250 | _a8වන කලාපය | ||
| 260 |
_aහොරණ _c1923 |
||
| 300 | _a 26cm | ||
| 490 | _v5වන කාණ්ඩය | ||
| 650 | _a94.2 | ||
| 650 | _aවිජයවර්ධන,අභයකෝන්,ඩී.පී.ඇෆ්ප් | ||
| 650 | _aසිංහල මිත්රයා | ||
| 942 | _cBK | ||
| 999 |
_c226690 _d226690 |
||